A multilevel test of minority threat effects on sentencing
Prior studies of criminal sanctioning have focused almost exclusively on individual-level predictors of sentencing outcomes. However, in recent years, scholars have begun to include social context in their research. Building off of this work—and heeding calls for testing the racial and ethnic minori...
| 1. VerfasserIn: | |
|---|---|
| Beteiligte: | |
| Medienart: | Elektronisch Aufsatz |
| Sprache: | Englisch |
| Veröffentlicht: |
2010
|
| In: |
Journal of quantitative criminology
Jahr: 2010, Band: 26, Heft: 2, Seiten: 191-215 |
| Online-Zugang: |
Volltext (lizenzpflichtig) |
| Verfügbarkeit prüfen: | HBZ Gateway |
| Schlagwörter: |
MARC
| LEADER | 00000caa a22000002c 4500 | ||
|---|---|---|---|
| 001 | 1396135219 | ||
| 003 | DE-627 | ||
| 005 | 20260417204242.0 | ||
| 007 | cr uuu---uuuuu | ||
| 008 | 100716s2010 xx |||||o 00| ||eng c | ||
| 024 | 7 | |a 10.1007/s10940-009-9076-8 |2 doi | |
| 035 | |a (DE-627)1396135219 | ||
| 035 | |a (DE-576)326135219 | ||
| 035 | |a (DE-599)BSZ326135219 | ||
| 040 | |a DE-627 |b ger |c DE-627 |e rda | ||
| 041 | |a eng | ||
| 084 | |a 2,1 |2 ssgn | ||
| 100 | 1 | |a Wang, Xia |4 aut | |
| 109 | |a Wang, Xia |a Wang Xia | ||
| 245 | 1 | 2 | |a A multilevel test of minority threat effects on sentencing |c Xia Wang and Daniel P. Mears |
| 264 | 1 | |c 2010 | |
| 336 | |a Text |b txt |2 rdacontent | ||
| 337 | |a Computermedien |b c |2 rdamedia | ||
| 338 | |a Online-Ressource |b cr |2 rdacarrier | ||
| 520 | |a Prior studies of criminal sanctioning have focused almost exclusively on individual-level predictors of sentencing outcomes. However, in recent years, scholars have begun to include social context in their research. Building off of this work—and heeding calls for testing the racial and ethnic minority threat perspective within a multilevel framework and for separating prison and jail sentences as distinct outcomes—this paper examines different dimensions of minority threat and explores whether they exert differential effects on prison versus jail sentences. The findings provide support for the racial threat perspective, and less support for the ethnic threat perspective. They also underscore the importance of testing for non-linear threat effects and for separating jail and prison sentences as distinct outcomes. We discuss the findings and their implications for theory, research, and policy. | ||
| 650 | 4 | |a Sentencing | |
| 650 | 4 | |a Minority threat effects | |
| 700 | 1 | |a Mears, Daniel P. |d 1966- |0 (DE-588)14183675X |0 (DE-627)704074796 |0 (DE-576)182331253 |4 oth | |
| 773 | 0 | 8 | |i Enthalten in |t Journal of quantitative criminology |d New York, NY [u.a.] : Springer Science + Business Media B.V., 1985 |g 26(2010), 2, Seite 191-215 |h Online-Ressource |w (DE-627)320578003 |w (DE-600)2017241-2 |w (DE-576)104082321 |x 1573-7799 |7 nnas |
| 773 | 1 | 8 | |g volume:26 |g year:2010 |g number:2 |g pages:191-215 |
| 787 | 0 | 8 | |i Forschungsdaten |a United States Department of Justice. Office of Justice Programs. Bureau of Justice Statistics |t State Court Processing Statistics, 1990-2009: Felony Defendants in Large Urban Counties |d [Erscheinungsort nicht ermittelbar] : [Verlag nicht ermittelbar], 1998 |w (DE-627)1840046937 |
| 856 | 4 | 0 | |u https://doi.org/10.1007/s10940-009-9076-8 |x Resolving-System |z lizenzpflichtig |3 Volltext |7 1 |
| 889 | |w (DE-627)1912627876 | ||
| 935 | |a mkri | ||
| 951 | |a AR | ||
| ELC | |a 1 | ||
| LOK | |0 000 xxxxxcx a22 zn 4500 | ||
| LOK | |0 001 2641894289 | ||
| LOK | |0 003 DE-627 | ||
| LOK | |0 004 1396135219 | ||
| LOK | |0 005 20250822083911 | ||
| LOK | |0 008 100716||||||||||||||||ger||||||| | ||
| LOK | |0 040 |a DE-21-110 |c DE-627 |d DE-21-110 | ||
| LOK | |0 092 |o n | ||
| LOK | |0 689 |a s |a Strafzumessung | ||
| LOK | |0 689 |a s |a Ethnizität | ||
| LOK | |0 689 |a s |a Rasse | ||
| LOK | |0 689 |a s |a Minderheiten | ||
| LOK | |0 852 |a DE-21-110 | ||
| LOK | |0 852 1 |9 00 | ||
| LOK | |0 935 |a tre1 | ||
| LOK | |0 939 |a 2010-07-16 |b l01 | ||
| LOK | |0 000 xxxxxcx a22 zn 4500 | ||
| LOK | |0 001 3957453674 | ||
| LOK | |0 003 DE-627 | ||
| LOK | |0 004 1396135219 | ||
| LOK | |0 005 20260417110308 | ||
| LOK | |0 008 210725||||||||||||||||ger||||||| | ||
| LOK | |0 035 |a (DE-2619)KrimDok#2021-07-24#3652E2AF053311E3E2165E73B2527967E37890C5 | ||
| LOK | |0 035 |a (DE-2619)ICPSR87041 | ||
| LOK | |0 040 |a DE-2619 |c DE-627 |d DE-2619 | ||
| LOK | |0 092 |o n | ||
| LOK | |0 852 |a DE-2619 | ||
| LOK | |0 852 1 |9 00 | ||
| LOK | |0 935 |a zota |a nacp | ||
| LOK | |0 939 |a 2021-07-25 |b l01 | ||
| ORI | |a WA-MARC-krimdoka001.raw | ||
